| 000 | 01945nam a2200301Ia 4500 | ||
|---|---|---|---|
| 001 | 423 | ||
| 003 | OSt | ||
| 005 | 20250624150926.0 | ||
| 008 | 200720b ||||| |||| 00| 0 eng d | ||
| 020 | 1 | _a8575421557 | |
| 040 | _bpor | ||
| 041 | 1 | _apor | |
| 082 | 1 |
_a230 _bB142j |
|
| 100 |
_aBaker, Mark W. _d1965- |
||
| 240 | _aThe greatest psychologist who ever lived | ||
| 245 |
_aJesus, o maior psicólogo que já existiu / _cBaker, Mark W., tradução de Claudia Gerpe Duarte |
||
| 260 |
_aRio de Janeiro _bSextante _c2005 |
||
| 300 | _a191p. | ||
| 520 | _aJESUS, O MAIOR PSICÓLOGO QUE JÁ EXISTIU Jesus, o maior psicólogo que já existiu faz uma abordagem original da relação entre ciência e religião, ligando os principais ensinamentos de Jesus às descobertas recentes da psicologia. Com base em sua experiência como terapeuta e no seu profundo conhecimento da Bíblia, Mark Baker demonstra por que a mensagem de Cristo é perfeitamente compatível com os princípios da psicologia: ela contém a chave da saúde emocional, do bem-estar e do crescimento pessoal. Em uma linguagem simples e cativante, ele mostra que, seja qual for a nossa crença religiosa ou filosofia de vida, todos podemos nos beneficiar da sabedoria daquele que, como diz o autor, foi o maior psicólogo de todos os tempos. Organizado em dezenas de lições concisas, este livro é uma coleção de valiosos exemplos práticos sobre como essa sabedoria comprovada pelo tempo pode nos ajudar a resolver os problemas do cotidiano, a repensar atitudes e a praticar o perdão, a solidariedade e a lealdade, valorizando nossas vidas e nossos relacionamentos com mais amizade e amor. | ||
| 650 | 0 |
_aLiteratura Americana _984 |
|
| 650 | 0 | _aJesus Cristo - Ensinamentos | |
| 650 | 0 |
_aReligião _9100 |
|
| 650 | 0 |
_aPsicologia _9831 |
|
| 650 | 0 | _aCristologia | |
| 655 | 0 |
_aNão Ficção _9102 |
|
| 700 |
_aClaudia Gerpe Duarte _eTRADUTORA _9901 |
||
| 942 |
_2ddc _cBK |
||
| 999 |
_c423 _d423 |
||